|
|
|
|
| LEADER |
00000nab a2200000 ar4500 |
| 001 |
vtls009141910 |
| 003 |
SK-MaSNL |
| 005 |
20260303222138.0 |
| 008 |
070919c2006 xo |||||||||||000 b|slo |
| 015 |
|
|
|a SNBRA2007/09
|2 snkbucl
|
| 038 |
|
|
|a SNKBUCL
|
| 040 |
|
|
|a SNKBUCL
|b slo
|c SNKBUCL
|e AACR2
|
| 041 |
0 |
|
|a slo
|
| 044 |
|
|
|a xo
|c SK
|
| 080 |
|
|
|a 699.82.035.4:72:904
|2 2001
|
| 080 |
|
|
|a 72.025.4:904
|2 2001
|
| 080 |
|
|
|a 69.059.22
|2 2001
|
| 080 |
|
|
|a 69.035.4
|2 2001
|
| 100 |
1 |
|
|a Fára, Pavel
|4 aut
|9 1079963
|
| 245 |
1 |
0 |
|a Príklady sanácie pivničných priestorov proti vlhkosti
|c Pavel Fára
|
| 300 |
|
|
|b Fotogr., sch.
|
| 500 |
|
|
|a Článok v českej verzii: Stavební ročenka 2007. - S. 91-96
|
| 504 |
|
|
|a Bibliogr. odkazy
|
| 650 |
0 |
7 |
|a architektonické pamiatky
|2 snkbucl
|9 28990
|
| 650 |
0 |
7 |
|a suterénne konštrukcie
|2 snkbucl
|9 1256202
|
| 650 |
0 |
7 |
|a poruchy stavebných konštrukcií
|2 snkbucl
|9 73755
|
| 650 |
0 |
7 |
|a hydroizolácia stavieb
|2 snkbucl
|9 67862
|
| 650 |
0 |
7 |
|a sanačné práce
|2 snkbucl
|9 4267
|
| 773 |
0 |
|
|t Stavebnícka ročenka 2007
|d Bratislava : Jaga group, 2006
|g S. 103-108
|z 8080760306
|
| 852 |
|
|
|a SNK
|b KIS3GCP
|
| 958 |
|
|
|a NB
|
| 999 |
|
|
|c 2238543
|d 2240473
|